000 00895nam a22002537a 4500
005 20110922110229.0
008 110922t xxu||||| |||| 00| 0 eng d
010 _aENG-103747
020 _c35.00
_a9788189524661
035 _aEN-87280
037 _bDBAD/PUB
040 _aDPL
_bEng
082 _a347.00954
100 _934730
_aSen, Ronojoy
245 _aLegalizing religion :
_cby Ronojoy Sen
_bthe Indian Supreme Court and secularism /
260 _aNew Delhi
_bCritical Quest
_c2011
270 _a420, G-Block, Phase VI, Aya Nagar
_bNew Delhi
_e110047
300 _a48p.
_c22cm (pbk)
500 _aIncludes bibliographical references
650 _934754
700 _934731
942 _2ddc
_cEN
_mSEN
_h347.00954
999 _c56834
_d56834